000 00684nam a22002297a 4500
005 20170124110238.0
010 _aA-943388
020 _c00.00
_a8185361355
035 _aA-943388
037 _bCen Lib/Ret
040 _aDPL
_bEN
082 _a613.711
_bDIN
100 _aDinshaw, Sensei Rarokh
_991611
245 _aFighting fit forever /
_cby Sensei Rarokh dinshaw
260 _aBombay
_bThe Marine Sports
_c1977
270 _bBombay
_a63A, Gokhale road , Dadar
_e400028
300 _a129p.:
_c21cm(Hb)
_bill.
500 _aIncludes index
650 _aFight training
_991612
650 _aFight training-- exercise
_991613
942 _2ddc
_cEN
_h239
_mDAS
999 _c135001
_d135001